| 000 | 00000nas 2200000za 4500 |
| 001 | 9.859585 |
| 003 | CaOODSP |
| 005 | 20221107160303 |
| 007 | cr ||||||||||| |
| 008 | 180725d19891993oncar p oss f0###a0eng|d |
| 022 | |y1181-6708 |
| 040 | |aCaOODSP|beng |
| 041 | |aeng|afre |
| 043 | |an-cn--- |
| 086 | 1 |aCS87-204-PDF |
| 245 | 00|aFilm and video |h[electronic resource] = |bLe film et la vidéo. |
| 246 | 11|aFilm et la vidéo |
| 260 | |aOttawa : |bStatistics Canada, Education, Culture and Tourism Division = Statistique Canada, Division de l'éducation de la culture et du tourisme, |c1991-1995. |
| 310 | |aAnnual |
| 362 | 0 |a1988/89-1992/93. |
| 490 | 0 |aCulture statistics = Statistiques de la culture |
| 500 | |aDigitized edition from print [produced by Statistics Canada]. |
| 546 | |aText in English and French. |
| 580 | |aContinues: Film and video in Canada = Le film et la vidéo au Canada. |
| 580 | |aContinued in part by: Movie theatres and drive-ins [CS87-0009] and Film, video and audio-visual production [CS87-0010] |
| 692 | 07|2gccst|aFilm industry |
| 710 | 1 |aCanada. |bStatistics Canada. |bEducation, Culture and Tourism Division. |
| 780 | 00|tFilm and video in Canada |w(CaOODSP)9.859578 |
| 785 | 00|tMovie theatres and drive-ins |w(CaOODSP)9.861811 |
| 792 | |tFilm and video |efre|w(CaOODSP)9.859586 |